000 00509nam a2200169 i 4500
001 88723
003 ES-MaACL
005 20230906175919.0
007 t|
008 050105s1980 sp ||||1| spa d
100 1 _aLaqueur, Walter.
_970196
245 1 0 _aTerrorismo /
_cWalter Laqueur ; traducción del inglés por José Luis López Muñoz.
260 _aMadrid :
_bEspasa-Calpe,
_c1980.
300 _a348 p. ;
_c19 cm.
700 1 _aLópez Muñoz, José Luis.
_973816
852 _aES-MaACL
_jL-250
_bR.101138
999 _c88723
_d88723